Central Library OPAC University of Rajshahi

স্বাধীনতার পর সমাজ / (Record no. 38207)

MARC details
000 -LEADER
fixed length control field 00818nam a22002417a 4500
001 - CONTROL NUMBER
control field 38207
003 - CONTROL NUMBER IDENTIFIER
rucl marc code BD-RjUL
005 - DATE AND TIME OF LATEST TRANSACTION
control field 20211209052740.0
008 - FIXED-LENGTH DATA ELEMENTS--GENERAL INFORMATION
fixed length control field 151007s1965 pk ||||| |||| 00| 0 ben d
020 ## - INTERNATIONAL STANDARD BOOK NUMBER
Terms of availability : PRs. 1.50
035 ## - SYSTEM CONTROL NUMBER
System control number (BD-RjUL)38312
040 ## - CATALOGING SOURCE
Original cataloging agency BD-RjUL
Language of cataloging ben
Transcribing agency BD-RjUL
041 ## - LANGUAGE CODE
Language code of text/sound track or separate title ben
082 ## - DEWEY DECIMAL CLASSIFICATION NUMBER
Classification number 301.09549205
Author mark and year KHS 1965
100 1# - MAIN ENTRY--PERSONAL NAME
Personal name খান, আদালত
9 (RLIN) 163902
245 10 - TITLE STATEMENT
Title স্বাধীনতার পর সমাজ /
Statement of responsibility, etc. প্রণেতা: আদালত খান
250 ## - EDITION STATEMENT
Edition statement ১ম সং.
260 ## - PUBLICATION, DISTRIBUTION, ETC. (IMPRINT)
Place of publication, distribution, etc. চট্রগ্রাম :
Name of publisher, distributor, etc. আদালত খান,
Date of publication, distribution, etc. ১৯৬৫
300 ## - PHYSICAL DESCRIPTION
Pagination [৪], ৬৪ পৃ. ;
Size ২২ সেমি.
650 ## - SUBJECT ADDED ENTRY--TOPICAL TERM
Topical term or geographic name as entry element সমাজ
Geographic subdivision বাংলাদেশ
9 (RLIN) 139788
Topical term or geographic name as entry element Society
Geographic subdivision Bangladesh
9 (RLIN) 241013
942 ## - ADDED ENTRY ELEMENTS (KOHA)
Source of classification or shelving scheme Dewey Decimal Classification
Koha item type Books
Holdings
Lost status Source of classification or shelving scheme Damaged status Not for loan Collection code Permanent Location Current Location Shelving location Date acquired Source of acquisition Total Checkouts Full call number Date last seen Copy number Koha item type Cost, normal purchase price
  Dewey Decimal Classification     Non-fiction Central Library, University of Rajshahi Central Library, University of Rajshahi   01/01/1979 Author   B 301.09549205 KHS 1965 07/10/2015 C-3 Books  
  Dewey Decimal Classification     Non-fiction Central Library, University of Rajshahi Central Library, University of Rajshahi   01/01/1979 Author   B 301.09549205 KHS 1965 13/11/2016 C-2 Books 1.50
  Dewey Decimal Classification   Not For Loan Rare Books Central Library, University of Rajshahi Central Library, University of Rajshahi Rare Book Section 18/03/2020     BRA 301.09549205 KHS 1965 18/03/2020 C-1 Rare Books